[Event "OLSW 1718 SG Trier - SVG Saarbrücken"]
[Site "?"]
[Date "2018.01.21"]
[Round "7.1"]
[White "Mohammad, Samir"]
[Black "Barzen, Pascal"]
[Result "0-1"]
[WhiteElo "2331"]
[BlackElo "2247"]
[PlyCount "88"]
[EventDate "2018.??.??"]

1. d4 Nf6 2. c4 e6 3. g3 Bb4+ 4. Bd2 Be7 5. Bg2 d5 6. Nf3 O-O 7. O-O c6 8. Qc2
b6 9. Rd1 Bb7 10. Ne5 Nfd7 11. Nxd7 Nxd7 12. e4 Rc8 13. Bf4 Nf6 14. Nd2 c5 15.
exd5 exd5 16. Bh3 cxd4 17. Bxc8 Qxc8 18. Qd3 dxc4 19. Qxc4 Bc5 20. Re1 Qc6 21.
f3 Nd5 22. Ne4 Nxf4 23. gxf4 Qg6+ 24. Kh1 Qf5 25. Qd3 Qxf4 26. Kg2 Rd8 27. Qd2
Qxd2+ 28. Nxd2 Kf8 29. Ne4 Be7 30. Rac1 Rd7 31. Red1 f5 32. Nf2 g5 33. h3 h5
34. Nd3 Bd6 35. Kf2 h4 36. f4 g4 37. Re1 g3+ 38. Kg1 Be4 39. Rcd1 Rc7 40. Rd2
Kf7 41. Ne5+ Bxe5 42. fxe5 d3 43. e6+ Ke7 44. Red1 Kxe6 0-1

[Event "OLSW 1718 SG Trier - SVG Saarbrücken"]
[Site "?"]
[Date "2018.01.21"]
[Round "7.2"]
[White "Dany, Alexander"]
[Black "Philippe, Christophe"]
[Result "1/2-1/2"]
[WhiteElo "2104"]
[BlackElo "2382"]
[PlyCount "87"]
[EventDate "2018.??.??"]

1. d4 Nf6 2. Nf3 c5 3. c4 cxd4 4. Nxd4 e5 5. Nb3 b5 6. cxb5 d5 7. e3 Bd6 8. Nc3
O-O 9. Be2 Bb7 10. Bf3 e4 11. Be2 Nbd7 12. Bd2 Ne5 13. Na4 Rc8 14. Bc3 Qe7 15.
Na5 Ba8 16. Qd4 Rfe8 17. a3 h5 18. h3 h4 19. O-O-O Ned7 20. Kb1 Be5 21. Qb4 Qe6
22. Bxe5 Nxe5 23. Qd4 Qf5 24. Rhf1 Re7 25. b6 axb6 26. Nxb6 Rb8 27. Rc1 Qe6 28.
Nxa8 Rxa8 29. Nb3 Rea7 30. Rc3 Ra4 31. Nc5 Rxd4 32. Nxe6 Rd2 33. Nd4 Nd3 34.
Bxd3 exd3 35. Kc1 Ne4 36. f3 Rb8 37. fxe4 Rbxb2 38. Rd1 Rxg2 39. Rcxd3 dxe4 40.
R3d2 Rbxd2 41. Rxd2 Rg3 42. Nf5 Rxh3 43. Rg2 g6 44. Rg4 1/2-1/2

[Event "OLSW 1718 SG Trier - SVG Saarbrücken"]
[Site "?"]
[Date "2018.01.21"]
[Round "7.3"]
[White "Bastian, Herbert"]
[Black "Carafizi, Vasile"]
[Result "0-1"]
[WhiteElo "2306"]
[BlackElo "2189"]
[PlyCount "108"]
[EventDate "2018.??.??"]

1. e4 c5 2. Nc3 a6 3. g3 b5 4. Bg2 Bb7 5. Nge2 e6 6. Nf4 Nf6 7. d3 b4 8. Nb1 d5
9. Nd2 Be7 10. O-O O-O 11. Re1 Nc6 12. c3 Re8 13. e5 Nd7 14. Nf3 Qc7 15. Qe2
Nb6 16. h4 a5 17. Nh3 a4 18. a3 Na5 19. Nfg5 h6 20. Nxf7 Kxf7 21. Qh5+ Kg8 22.
Bxh6 Bf8 23. cxb4 Nb3 24. Be3 Qf7 25. Qxf7+ Kxf7 26. Rad1 Nd7 27. Ng5+ Kg8 28.
bxc5 Ndxc5 29. d4 Nd7 30. Bh3 Ra6 31. Bf1 Rb6 32. Bd3 Be7 33. Nh3 Ba6 34. Bg6
Rc8 35. f4 Nf8 36. Bb1 Na5 37. Bc1 Bxa3 38. f5 Bxb2 39. Bxb2 Rxb2 40. Nf4 Rc3
41. fxe6 Rxg3+ 42. Kh1 Rb7 43. Ba2 Nb3 44. Nxd5 Nxe6 45. Ne3 Rb4 46. Kh2 Rf3
47. Kg2 Bb7 48. d5 Rbf4 49. Kg1 Ned4 50. d6 Rg3+ 51. Kh2 Rg6 52. Rxd4 Rxd4 53.
Nf5 Rd2+ 54. Kh3 Bg2+ 0-1

[Event "OLSW 1718 SG Trier - SVG Saarbrücken"]
[Site "?"]
[Date "2018.01.21"]
[Round "7.4"]
[White "Hein, Ralf"]
[Black "Le Corre, Benjamin"]
[Result "0-1"]
[WhiteElo "1926"]
[BlackElo "2286"]
[PlyCount "74"]
[EventDate "2018.??.??"]

1. Nf3 Nf6 2. g3 g6 3. Bg2 Bg7 4. O-O O-O 5. d3 d5 6. Nbd2 c5 7. e4 Nc6 8. c3
Qc7 9. Re1 Rd8 10. Qe2 b6 11. a3 Ba6 12. exd5 Nxd5 13. Nc4 Rac8 14. Nce5 Nxe5
15. Nxe5 e6 16. c4 Qxe5 17. Qxe5 Bxe5 18. cxd5 Bf6 19. dxe6 Bxd3 20. Bh3 Bf5
21. Bxf5 gxf5 22. exf7+ Kxf7 23. Rb1 Rd3 24. Kf1 c4 25. Re3 Rb3 26. Ra1 Bxb2
27. Bxb2 Rxb2 28. Rd1 Rc7 29. Rc1 b5 30. h3 a5 31. Rec3 Kf6 32. a4 Ke5 33. axb5
Kd4 34. b6 Rxb6 35. Rf3 c3 36. Rxf5 c2 37. Rxa5 Rb1 0-1

[Event "OLSW 1718 SG Trier - SVG Saarbrücken"]
[Site "?"]
[Date "2018.01.21"]
[Round "7.5"]
[White "Mueller, Denis"]
[Black "Magar, Johannes"]
[Result "1-0"]
[WhiteElo "2165"]
[BlackElo "2075"]
[PlyCount "59"]
[EventDate "2018.??.??"]

1. e4 e6 2. d3 d5 3. Nd2 c5 4. g3 Nc6 5. Bg2 g6 6. Ngf3 Bg7 7. O-O Nge7 8. Re1
O-O 9. h4 h6 10. e5 Qc7 11. Qe2 b6 12. Nf1 Nd4 13. Nxd4 cxd4 14. Bf4 Nc6 15. a3
g5 16. hxg5 hxg5 17. Bxg5 Qxe5 18. Qg4 f5 19. Qh4 Qc7 20. f4 Qf7 21. Nd2 Bd7
22. Kf2 Bf6 23. Rh1 Qg7 24. Nf3 Kf7 25. Qh5+ Ke7 26. Bh6 Qf7 27. Bxf8+ Qxf8 28.
Rae1 Kd6 29. Qh7 Rd8 30. Rh6 1-0

[Event "OLSW 1718 SG Trier - SVG Saarbrücken"]
[Site "?"]
[Date "2018.01.21"]
[Round "7.6"]
[White "Scholtes, Benedikt"]
[Black "Busche, Stefan"]
[Result "0-1"]
[WhiteElo "2039"]
[BlackElo "2034"]
[PlyCount "80"]
[EventDate "2018.??.??"]

1. e4 c5 2. b4 cxb4 3. a3 e6 4. axb4 Bxb4 5. c3 Be7 6. d4 d5 7. exd5 exd5 8.
Bd3 Nf6 9. Bf4 O-O 10. Bxb8 Rxb8 11. Rxa7 b5 12. Nf3 Bg4 13. O-O b4 14. h3 Bxf3
15. Qxf3 Bd6 16. Ra6 Rb6 17. cxb4 Bxb4 18. Ra2 Re8 19. Re2 Rbe6 20. Rxe6 Rxe6
21. Rc1 g6 22. Nc3 Bxc3 23. Rxc3 Qa5 24. Rc1 Kg7 25. Rd1 Qb4 26. Bf1 Ne4 27.
Qd3 Qb2 28. Rb1 Qxf2+ 29. Kh2 Rf6 30. Be2 Qf4+ 31. Kg1 Nd2 32. Rd1 Qf2+ 33. Kh2
Qf4+ 34. Kg1 Nc4 35. Bf3 Nb2 36. Qd2 Nxd1 37. Qxd1 Qe3+ 38. Kh2 Rf4 39. Bxd5
Rxd4 40. Qf3 Qe5+ 0-1

[Event "OLSW 1718 SG Trier - SVG Saarbrücken"]
[Site "?"]
[Date "2018.01.21"]
[Round "7.7"]
[White "Frantz, Nicolas"]
[Black "Christen, Pierre"]
[Result "1-0"]
[WhiteElo "2057"]
[BlackElo "1951"]
[PlyCount "113"]
[EventDate "2018.??.??"]

1. e4 c6 2. d4 d5 3. Nd2 dxe4 4. Nxe4 Bf5 5. Ng3 Bg6 6. N1e2 e6 7. Nf4 Bd6 8.
c3 Ne7 9. h4 Nd7 10. h5 Bf5 11. Nxf5 Nxf5 12. Bd3 Qc7 13. Ne2 Ne7 14. Qc2 O-O-O
15. Bd2 h6 16. O-O-O Nd5 17. g3 Rhe8 18. f4 Kb8 19. Kb1 f6 20. Rdf1 f5 21. Re1
N7f6 22. Qb3 Qb6 23. Qxb6 Nxb6 24. b4 Nbd5 25. Nc1 Ng4 26. Re2 Nc7 27. Kc2 b6
28. Nb3 Bf8 29. Bc4 Nf6 30. Bd3 Rd7 31. Ree1 Red8 32. a4 c5 33. bxc5 bxc5 34.
Na5 Rd6 35. Rb1+ Ka8 36. Nb7 cxd4 37. Nxd6 Rxd6 38. cxd4 Rxd4 39. a5 Ncd5 40.
Ba6 Bb4 41. Bxb4 Rxb4 42. Rhe1 Ne4 43. Bb5 Kb8 44. Bc6 Kc7 45. Bxd5 Rxb1 46.
Rxb1 exd5 47. Rb3 Nc5 48. Re3 Ne4 49. Kd3 Kc6 50. Kd4 Kd6 51. Rb3 Nc5 52. Rb8
Ne6+ 53. Kd3 a6 54. Rb6+ Kd7 55. Rb7+ Nc7 56. Kd4 Kd6 57. Rxc7 1-0

[Event "OLSW 1718 SK Altenkirchen - SG Turm Ill"]
[Site "?"]
[Date "2018.01.21"]
[Round "7.1"]
[White "Mayer, Frank"]
[Black "Bruehl, Andreas"]
[Result "1/2-1/2"]
[WhiteElo "2318"]
[BlackElo "2335"]
[PlyCount "44"]
[EventDate "2018.??.??"]

1. g3 d5 2. Bg2 Nf6 3. d3 c6 4. f4 Nbd7 5. Nf3 Qb6 6. e3 Qc7 7. Nc3 e5 8. O-O
Bd6 9. fxe5 Nxe5 10. Nxe5 Bxe5 11. d4 Bd6 12. Qd3 Be6 13. e4 dxe4 14. Nxe4 Nxe4
15. Bxe4 O-O-O 16. Bf5 Rhe8 17. Bg5 f6 18. Rae1 Bxf5 19. Qxf5+ Qd7 20. Qxd7+
Kxd7 21. Bc1 Rxe1 22. Rxe1 Re8 1/2-1/2

[Event "OLSW 1718 SK Altenkirchen - SG Turm Ill"]
[Site "?"]
[Date "2018.01.21"]
[Round "7.2"]
[White "Wagener, Claude"]
[Black "Klein, Joachim"]
[Result "1-0"]
[WhiteElo "2253"]
[BlackElo "2173"]
[PlyCount "53"]
[EventDate "2018.??.??"]

1. e4 e5 2. Nf3 Nc6 3. Bc4 Bc5 4. c3 Nf6 5. d3 a6 6. O-O d6 7. Bb3 O-O 8. h3 h6
9. Re1 Re8 10. Nbd2 Be6 11. Nf1 Bxb3 12. Qxb3 d5 13. Ng3 Qd7 14. Nh4 dxe4 15.
dxe4 Rad8 16. Qxb7 Na5 17. Qxa6 Ra8 18. Qe2 Nb3 19. Rb1 Rxa2 20. Nhf5 Nxc1 21.
Rbxc1 Qc6 22. Rc2 Kh7 23. Kh2 g6 24. Qc4 gxf5 25. Qxf7+ Kh8 26. Qxa2 f4 27. Nf5
1-0

[Event "OLSW 1718 SK Altenkirchen - SG Turm Ill"]
[Site "?"]
[Date "2018.01.21"]
[Round "7.3"]
[White "Giese, Tilman"]
[Black "Heidorn, Oliver"]
[Result "1-0"]
[WhiteElo "2033"]
[BlackElo "2116"]
[PlyCount "43"]
[EventDate "2018.??.??"]

1. c4 e5 2. Nc3 Nf6 3. g3 Nc6 4. Bg2 Bc5 5. d3 h6 6. Nf3 d6 7. O-O O-O 8. a3 a6
9. b4 Ba7 10. b5 axb5 11. cxb5 Ne7 12. a4 Bb6 13. Bb2 Re8 14. Qc2 Nf5 15. Nb1
Ng4 16. e4 Ne7 17. Nbd2 Be6 18. d4 exd4 19. Nxd4 Ng6 20. h3 Nf6 21. f4 Nh5 22.
Kh2 1-0

[Event "OLSW 1718 SK Altenkirchen - SG Turm Ill"]
[Site "?"]
[Date "2018.01.21"]
[Round "7.4"]
[White "Telke, Holger"]
[Black "Biehler, Thomas"]
[Result "0-1"]
[WhiteElo "2091"]
[BlackElo "2222"]
[PlyCount "82"]
[EventDate "2018.??.??"]

1. d4 Nf6 2. c4 e6 3. g3 d5 4. Bg2 Be7 5. Nf3 O-O 6. O-O dxc4 7. Nbd2 b5 8. a4
c6 9. axb5 cxb5 10. Ne5 Nd5 11. e4 Nb4 12. d5 exd5 13. exd5 Bb7 14. d6 Bxg2 15.
dxe7 Qxe7 16. Re1 Qb7 17. f3 Bh3 18. g4 f6 19. Nexc4 bxc4 20. Nxc4 N8c6 21. Nd6
Qd7 22. Bf4 h5 23. Qb3+ Kh7 24. Re4 a5 25. Rd1 Rad8 26. Rd2 Qa7+ 27. Be3 Qa6
28. Qd1 Ne5 29. gxh5 Nbd3 30. Rh4 Qxd6 31. Rxh3 Qe6 32. Rg3 Nc4 33. Bc5 Qe1+
34. Qxe1 Nxe1 35. Bxf8 Rxd2 36. Rxg7+ Kh8 37. Rg3 f5 38. Bg7+ Kh7 39. b3 f4 40.
Rh3 Ne3 41. Rh4 Nxf3+ 0-1

[Event "OLSW 1718 SK Altenkirchen - SG Turm Ill"]
[Site "?"]
[Date "2018.01.21"]
[Round "7.7"]
[White "Schumacher, Christoph"]
[Black "Hoffmann, Thomas"]
[Result "1-0"]
[WhiteElo "2175"]
[BlackElo "2034"]
[PlyCount "159"]
[EventDate "2018.??.??"]

1. d4 d5 2. Nf3 c6 3. Bf4 Nf6 4. e3 e6 5. Bd3 Nbd7 6. Nbd2 Be7 7. h3 c5 8. c3
b6 9. O-O Bb7 10. Ne5 O-O 11. Ndf3 Nxe5 12. Nxe5 Ne4 13. a4 f6 14. Nf3 Bd6 15.
a5 c4 16. a6 Bc6 17. Bc2 Qc7 18. Bxd6 Qxd6 19. Bxe4 dxe4 20. Nd2 Bd5 21. b3 b5
22. bxc4 bxc4 23. Qa4 Rac8 24. Rfb1 e5 25. Qb4 Qc7 26. Ra5 Rb8 27. Rb5 Rxb5 28.
Qxb5 Rd8 29. Qc5 Qxc5 30. dxc5 Rc8 31. Rb5 Kf7 32. Rb7+ Kg6 33. Rxa7 Rxc5 34.
Rd7 Ra5 35. a7 Be6 36. Re7 Bd5 37. Rd7 Be6 38. Rc7 f5 39. g4 fxg4 40. hxg4 Bxg4
41. Kg2 Be6 42. Kg3 Bd5 43. Re7 Kf6 44. Rd7 Ke6 45. Rxg7 Ra2 46. Nf1 h5 47. Rh7
Kd6 48. Rh6+ Kc5 49. Rxh5 Rxa7 50. Rxe5 Kd6 51. Re8 Ra2 52. Kg2 Rc2 53. Ng3
Rxc3 54. Nxe4+ Bxe4+ 55. Rxe4 Kd5 56. Rd4+ Kc5 57. Kf1 Rc2 58. Ke1 Kb4 59. e4
Kb3 60. Rd8 Ra2 61. Rb8+ Kc3 62. e5 Kd3 63. Rd8+ Ke4 64. e6 Ra7 65. Rd7 Ra6 66.
e7 Re6 67. Kd2 Kf5 68. Kc3 Kf6 69. Kxc4 Rxe7 70. Rxe7 Kxe7 71. Kd5 Kf6 72. Ke4
Ke6 73. Kf4 Kf6 74. f3 Ke7 75. Ke5 Kf7 76. Kf5 Ke7 77. Kg6 Kf8 78. f4 Kg8 79.
f5 Kh8 80. Kf7 1-0

[Event "OLSW 1718 SVG Saarbrücken - SK Altenkir"]
[Site "?"]
[Date "2018.02.04"]
[Round "8.1"]
[White "Bruehl, Andreas"]
[Black "Mohammad, Samir"]
[Result "1/2-1/2"]
[WhiteElo "2303"]
[BlackElo "2331"]
[PlyCount "73"]
[EventDate "2018.??.??"]

1. d4 d5 2. c4 dxc4 3. Nf3 a6 4. e3 b5 5. a4 Bb7 6. b3 Nf6 7. axb5 axb5 8. Rxa8
Bxa8 9. bxc4 bxc4 10. Bxc4 e6 11. O-O Nbd7 12. Nc3 Be7 13. d5 exd5 14. Nxd5
Nxd5 15. Bxd5 Bxd5 16. Qxd5 O-O 17. Bb2 Bf6 18. Bxf6 Nxf6 19. Qc4 Qd6 20. Rc1
Rc8 21. e4 Qf4 22. e5 Qxc4 23. Rxc4 Nd7 24. Rd4 Nf8 25. g3 c5 26. Rd6 Ne6 27.
Kf1 g5 28. Ke2 c4 29. Kd2 Rc5 30. h3 c3+ 31. Kc2 Ra5 32. Nd4 Nxd4+ 33. Rxd4
Rxe5 34. Kxc3 Rf5 35. f4 gxf4 36. Rxf4 Rd5 37. Rd4 1/2-1/2

[Event "OLSW 1718 SVG Saarbrücken - SK Altenkir"]
[Site "?"]
[Date "2018.02.04"]
[Round "8.3"]
[White "Heidorn, Oliver"]
[Black "Le Corre, Benjamin"]
[Result "1-0"]
[WhiteElo "2104"]
[BlackElo "2287"]
[PlyCount "57"]
[EventDate "2018.??.??"]

1. d4 Nf6 2. c4 g6 3. Nc3 Bg7 4. Bg5 O-O 5. e3 d6 6. Be2 Nbd7 7. Nf3 b6 8. Qc2
Bb7 9. O-O e6 10. Rfd1 h6 11. Bh4 g5 12. Bg3 Nh5 13. Rac1 f5 14. Nd2 Nxg3 15.
hxg3 g4 16. f4 h5 17. Kf2 Qe7 18. Rh1 Nf6 19. Bd3 c5 20. d5 Rae8 21. Rce1 Qd7
22. dxe6 Qc6 23. Rh2 h4 24. Nd5 b5 25. e7 Rf7 26. Bxf5 bxc4 27. Rxh4 Bh8 28.
Be6 Kg7 29. Qf5 1-0

[Event "OLSW 1718 SVG Saarbrücken - SK Altenkir"]
[Site "?"]
[Date "2018.02.04"]
[Round "8.4"]
[White "Mueller, Denis"]
[Black "Telke, Holger"]
[Result "0-1"]
[WhiteElo "2173"]
[BlackElo "2085"]
[PlyCount "68"]
[EventDate "2018.??.??"]

1. e4 e6 2. d3 d5 3. Nd2 Nf6 4. g3 dxe4 5. dxe4 Bc5 6. Bg2 e5 7. Ngf3 Nc6 8.
O-O O-O 9. h3 h6 10. Nh4 Be6 11. c3 Qd3 12. Kh2 Rad8 13. Qf3 Qc2 14. Re1 Rxd2
15. Bxd2 Qxd2 16. Re2 Qd7 17. Ree1 a5 18. Rad1 Qe7 19. Nf5 Bxf5 20. exf5 Rd8
21. Rxd8+ Qxd8 22. Qe2 e4 23. Kg1 Qd5 24. Bxe4 Nxe4 25. Qxe4 Qxa2 26. Re2 Be7
27. Qd3 Bf6 28. Qb5 Qb1+ 29. Kh2 Kh7 30. Qxb7 Ne5 31. Qe4 Qf1 32. b3 c5 33. Rd2
Qc1 34. Rc2 Nf3+ 0-1

[Event "OLSW 1718 SVG Saarbrücken - SK Altenkir"]
[Site "?"]
[Date "2018.02.04"]
[Round "8.5"]
[White "Kaster, Martin"]
[Black "Busche, Stefan"]
[Result "0-1"]
[WhiteElo "2110"]
[BlackElo "2048"]
[PlyCount "82"]
[EventDate "2018.??.??"]

1. g3 d5 2. f4 Nf6 3. Nf3 g6 4. Bg2 Bg7 5. O-O O-O 6. d3 c5 7. Qe1 Nc6 8. e4
dxe4 9. dxe4 e5 10. c3 exf4 11. Bxf4 b6 12. Qe2 a5 13. Rd1 Ba6 14. Qc2 Qc8 15.
e5 Ng4 16. e6 fxe6 17. Bd6 Ne3 18. Qb3 c4 19. Qxb6 Nxd1 20. Ng5 Rb8 21. Qxc6
Qxc6 22. Bxc6 Rb6 23. Bxf8 Bxf8 24. Be4 Bc5+ 25. Kf1 Ne3+ 26. Ke1 Bb7 27. Nd2
Bxe4 28. Ngxe4 Nc2+ 29. Kd1 Nxa1 30. Nxc4 Rc6 31. Nxa5 Rc8 32. b4 Bb6 33. Nb7
Ra8 34. c4 Rxa2 35. c5 Bc7 36. b5 Rb2 37. Nbd6 Rb4 38. Nf6+ Kf8 39. Nfe8 Rd4+
40. Kc1 Bxd6 41. Nxd6 Nb3+ 0-1

[Event "OLSW 1718 SVG Saarbrücken - SK Altenkir"]
[Site "?"]
[Date "2018.02.04"]
[Round "8.6"]
[White "Pernutz, Hans-Gerhard"]
[Black "Schmidt, Reiner"]
[Result "1/2-1/2"]
[WhiteElo "2099"]
[BlackElo "2186"]
[PlyCount "39"]
[EventDate "2018.??.??"]

1. e4 e6 2. d4 d5 3. Nd2 Nf6 4. e5 Nfd7 5. c3 c5 6. Bd3 Nc6 7. Ne2 cxd4 8. cxd4
f6 9. exf6 Nxf6 10. Nf3 Bd6 11. O-O Qc7 12. Bg5 O-O 13. Rc1 Ng4 14. h3 e5 15.
dxe5 Ngxe5 16. Nxe5 Bxe5 17. Bb1 Qf7 18. Be3 d4 19. Qd3 g6 20. Bh6 1/2-1/2

[Event "OLSW 1718 SVG Saarbrücken - SK Altenkir"]
[Site "?"]
[Date "2018.02.04"]
[Round "8.7"]
[White "Hoffmann, Thomas"]
[Black "Biehl, Tim"]
[Result "0-1"]
[WhiteElo "2033"]
[BlackElo "1997"]
[PlyCount "64"]
[EventDate "2018.??.??"]

1. d4 f5 2. Bg5 h6 3. Bh4 g5 4. e3 Nf6 5. Bg3 d6 6. Nd2 e6 7. c3 Qe7 8. h4 Rg8
9. hxg5 hxg5 10. Qc2 Nc6 11. Bd3 Bd7 12. O-O-O O-O-O 13. Ne2 Qf7 14. f3 f4 15.
Bf2 fxe3 16. Bxe3 Nd5 17. Bf2 g4 18. Be4 gxf3 19. Bxf3 Nf4 20. Nxf4 Qxf4 21.
Rh4 Qf7 22. Rh7 Bg7 23. Rdh1 e5 24. d5 Ne7 25. Qb3 b6 26. R7h4 Bf6 27. Rc4 Kb7
28. Rb4 Bg5 29. a4 Bxd2+ 30. Kxd2 Rxg2 31. Ke2 Rf8 32. c4 Bg4 0-1

[Event "OLSW 1718 SK Gau-Algesheim - SC Caissa"]
[Site "?"]
[Date "2018.02.04"]
[Round "8.1"]
[White "Frischmann, Rick"]
[Black "Ovsejevitsch, Sergei"]
[Result "1/2-1/2"]
[WhiteElo "2338"]
[BlackElo "2603"]
[PlyCount "89"]
[EventDate "2018.??.??"]

1. e4 e5 2. Nf3 Nc6 3. d4 exd4 4. Nxd4 Bb4+ 5. c3 Ba5 6. Be3 Nf6 7. Nxc6 bxc6
8. e5 Nd5 9. Qg4 Nxe3 10. Qxg7 Rf8 11. fxe3 Rb8 12. b3 Qh4+ 13. Qg3 Qe4 14. Bc4
f6 15. exf6 d5 16. Nd2 Bxc3 17. O-O-O Qe5 18. Bd3 Qxf6 19. Rhf1 Bxd2+ 20. Kxd2
Qb2+ 21. Ke1 Be6 22. Rxf8+ Kxf8 23. Qxc7 Re8 24. Kf1 Bf7 25. Qxa7 Qe5 26. Qc5+
Kg8 27. Kg1 Qxe3+ 28. Qxe3 Rxe3 29. Kf2 Re7 30. Rc1 Be8 31. Re1 Rf7+ 32. Ke3 c5
33. Rf1 Ra7 34. a4 Kg7 35. Bc2 Rb7 36. Kd2 Bf7 37. Rf3 d4 38. Rh3 h6 39. Rf3
Be6 40. Be4 Ra7 41. Bc6 Rc7 42. Be4 Re7 43. Bc2 Rb7 44. Kc1 Rb8 45. Kd2 1/2-1/2

[Event "OLSW 1718 SK Gau-Algesheim - SC Caissa"]
[Site "?"]
[Date "2018.02.04"]
[Round "8.2"]
[White "Kling, Felix"]
[Black "Wild, Achim"]
[Result "1/2-1/2"]
[WhiteElo "2173"]
[BlackElo "2239"]
[PlyCount "79"]
[EventDate "2018.??.??"]

1. d4 Nf6 2. Nf3 b6 3. e3 Bb7 4. Bd3 e6 5. O-O Be7 6. c4 O-O 7. Nc3 d5 8. cxd5
exd5 9. b3 Nbd7 10. Bb2 Re8 11. Qe2 a6 12. Qc2 Bd6 13. Ne2 Ne4 14. Ng3 g6 15.
Rac1 Rc8 16. Qe2 b5 17. a4 c6 18. axb5 axb5 19. Bxe4 dxe4 20. Nd2 Bxg3 21. hxg3
Qg5 22. Ra1 Nf6 23. Ra7 Rc7 24. Rfa1 Nd5 25. Nb1 Nf6 26. Nd2 h5 27. b4 Nd5 28.
Nb3 Bc8 29. Rxc7 Nxc7 30. d5 Nxd5 31. Qd2 Qe7 32. Qd4 f6 33. Nc5 Bf5 34. Ra6
Qd6 35. Ra7 Re7 36. Ra8+ Kg7 37. Ra6 Kf7 38. Ra8 Kg7 39. Ra6 Kf7 40. Ra8
1/2-1/2

[Event "OLSW 1718 SK Gau-Algesheim - SC Caissa"]
[Site "?"]
[Date "2018.02.04"]
[Round "8.3"]
[White "Holle, Cedric"]
[Black "Karsay, Pascal"]
[Result "0-1"]
[WhiteElo "2092"]
[BlackElo "2196"]
[PlyCount "114"]
[EventDate "2018.??.??"]

1. e4 e5 2. Nf3 Nc6 3. d4 exd4 4. Nxd4 Nf6 5. Nxc6 bxc6 6. e5 Qe7 7. Qe2 Nd5 8.
c4 Nb6 9. b3 a5 10. g3 a4 11. Ba3 Qe6 12. Bxf8 Kxf8 13. Na3 axb3 14. axb3 f6
15. Bg2 Qxe5 16. Qxe5 fxe5 17. O-O Ra5 18. f4 Bb7 19. fxe5+ Ke7 20. Nc2 Rxe5
21. Nd4 Ra8 22. Rae1 Rxe1 23. Rxe1+ Kf8 24. h4 Re8 25. Ra1 g6 26. Kh2 Ra8 27.
Rf1+ Ke7 28. Rf2 Kd6 29. Kh3 Kc5 30. Nc2 Ra2 31. Bf1 Kd6 32. Kg4 Ke7 33. Kg5
Rb2 34. Re2+ Kf7 35. Nd4 Rxe2 36. Bxe2 c5 37. Nb5 Na8 38. Kh6 Kg8 39. Bg4 d6
40. Be6+ Kh8 41. g4 Be4 42. Nc3 Bc2 43. Nd5 Bxb3 44. Nf6 Nb6 45. Nxh7 Bxc4 46.
Nf8 Bxe6 47. Nxe6 c4 48. Kxg6 c3 49. Nd4 Kg8 50. Nc2 c5 51. Kf6 d5 52. Ke5 d4
53. Ne1 Nc4+ 54. Ke4 Ne3 55. g5 c2 56. Nd3 c4 57. Nc1 Nf5 0-1

[Event "OLSW 1718 SK Gau-Algesheim - SC Caissa"]
[Site "?"]
[Date "2018.02.04"]
[Round "8.4"]
[White "Frede, Lennart"]
[Black "Tabatt, Hendrik"]
[Result "0-1"]
[WhiteElo "2172"]
[BlackElo "2324"]
[PlyCount "104"]
[EventDate "2018.??.??"]

1. e4 c5 2. Nf3 e6 3. Nc3 a6 4. g3 Nc6 5. Bg2 d6 6. d3 Nf6 7. O-O Be7 8. Bf4 e5
9. Bd2 O-O 10. Nh4 Bg4 11. f3 Be6 12. Nf5 Bxf5 13. exf5 Nd4 14. g4 h6 15. f4
exf4 16. Bxf4 Re8 17. Rb1 Rb8 18. Re1 Bf8 19. Ne4 Nxe4 20. Rxe4 Qd7 21. c3 Nc6
22. Qe1 Rxe4 23. Bxe4 Re8 24. Qg3 c4 25. Rd1 Ne5 26. Bxe5 Rxe5 27. Bg2 Qa4 28.
Rf1 cxd3 29. Qxd3 Qxg4 30. Kh1 b5 31. Bd5 Be7 32. c4 bxc4 33. Qxc4 Qxc4 34.
Bxc4 a5 35. Kg2 Bf6 36. Rd1 Rxf5 37. Rxd6 g6 38. b3 Kg7 39. Rd5 Rxd5 40. Bxd5
Be5 41. h3 f5 42. Kf3 g5 43. Bc6 h5 44. Bd7 Kf6 45. Be8 g4+ 46. hxg4 hxg4+ 47.
Ke2 Bd6 48. Bd7 Kg5 49. Be6 Bc5 50. Bd5 f4 51. Be4 Kf6 52. Bc6 Ke5 0-1

[Event "OLSW 1718 SK Gau-Algesheim - SC Caissa"]
[Site "?"]
[Date "2018.02.04"]
[Round "8.5"]
[White "Grewenig, Jan"]
[Black "Bauer, Bjoern-Benny"]
[Result "1-0"]
[WhiteElo "2134"]
[BlackElo "2213"]
[PlyCount "63"]
[EventDate "2018.??.??"]

1. e4 c5 2. Nf3 d6 3. d4 cxd4 4. Nxd4 Nf6 5. Nc3 g6 6. Be3 Bg7 7. f3 Nc6 8. Qd2
O-O 9. Bc4 Bd7 10. Bb3 Rb8 11. Nxc6 bxc6 12. Bxa7 Rb7 13. Be3 c5 14. O-O Qc7
15. Rab1 Rfb8 16. Qe2 Rb4 17. Kh1 Be6 18. Bxe6 fxe6 19. b3 Nd7 20. a3 R4b7 21.
Qc4 d5 22. exd5 Qe5 23. Bd2 Nb6 24. Qxc5 Rc7 25. Qb4 Rxc3 26. Bf4 Qe2 27. Rbe1
Qxc2 28. Bxb8 Nxd5 29. Qe4 Qxe4 30. fxe4 Ne3 31. Rf3 Rxb3 32. Bf4 1-0

[Event "OLSW 1718 SK Gau-Algesheim - SC Caissa"]
[Site "?"]
[Date "2018.02.04"]
[Round "8.6"]
[White "Weyerhaeuser, Joerg"]
[Black "Gress, Alexander"]
[Result "0-1"]
[WhiteElo "2055"]
[BlackElo "2143"]
[PlyCount "80"]
[EventDate "2018.??.??"]

1. d4 c5 2. d5 Nf6 3. c4 b5 4. cxb5 a6 5. b6 Qxb6 6. Nc3 d6 7. e4 g6 8. Nf3 Bg7
9. Bd3 Bg4 10. Qa4+ Nbd7 11. e5 dxe5 12. Nxe5 Qb4 13. Bb5 O-O 14. Nxg4 axb5 15.
Nxf6+ Nxf6 16. Qxb5 Qxb5 17. Nxb5 Nxd5 18. a4 Rfb8 19. Ra3 Nb4 20. Kd1 Rd8+ 21.
Ke2 Nc2 22. Ra2 c4 23. Bd2 Ra6 24. Rd1 Nb4 25. Ra3 Nd3 26. Be3 Bxb2 27. Ra2
Rda8 28. Rb1 Be5 29. Nd4 Rxa4 30. Rxa4 Rxa4 31. Nc6 Bd6 32. Bh6 f6 33. Rb7 Ra2+
34. Ke3 Kf7 35. Kd4 Rxf2 36. Kxc4 Ne5+ 37. Nxe5+ Bxe5 38. Be3 Rxg2 39. Bc5 Rc2+
40. Kd5 Bd6 0-1

[Event "OLSW 1718 SK Gau-Algesheim - SC Caissa"]
[Site "?"]
[Date "2018.02.04"]
[Round "8.7"]
[White "Becker, Joerg"]
[Black "Tepen, Philipp"]
[Result "0-1"]
[WhiteElo "2116"]
[BlackElo "2022"]
[PlyCount "72"]
[EventDate "2018.??.??"]

1. Nf3 d5 2. g3 Nf6 3. Bg2 c6 4. O-O Bf5 5. d3 e6 6. Nbd2 Be7 7. Re1 O-O 8. h3
h6 9. Nh2 Nbd7 10. e4 dxe4 11. dxe4 Bh7 12. Qe2 Qc7 13. b3 Bb4 14. Bb2 Rad8 15.
c3 Bc5 16. b4 Be7 17. f4 Nb6 18. Rad1 c5 19. Ng4 Na4 20. Nxf6+ Bxf6 21. e5 Bxe5
22. Ne4 Bxe4 23. Rxd8 Rxd8 24. fxe5 Bxg2 25. Kxg2 Qc6+ 26. Kh2 Qd5 27. bxc5
Qxa2 28. Bc1 Qxe2+ 29. Rxe2 Nxc5 30. Be3 b6 31. Ra2 Rd7 32. Kg2 Kf8 33. Kf3 Ke7
34. Ke2 Ne4 35. Kf3 Nxc3 36. Rc2 Nd5 0-1

[Event "OLSW 1718 SK Gau-Algesheim - SC Caissa"]
[Site "?"]
[Date "2018.02.04"]
[Round "8.8"]
[White "Grieb, Lukas"]
[Black "Scheuermann, Gerhard"]
[Result "1/2-1/2"]
[WhiteElo "1764"]
[BlackElo "2146"]
[PlyCount "89"]
[EventDate "2018.??.??"]

1. e4 e5 2. Nf3 Nf6 3. Nc3 Bb4 4. a3 Bxc3 5. dxc3 d6 6. Bd3 O-O 7. O-O Bg4 8.
Bg5 Nbd7 9. b4 Re8 10. c4 Nf8 11. h3 Bh5 12. g4 Bg6 13. Nd2 Ne6 14. Bh4 Nf4 15.
Kh2 h5 16. Rg1 hxg4 17. hxg4 c6 18. f3 Kf8 19. Bg5 Ne6 20. Be3 Ke7 21. Qe2 Kd7
22. Kg2 a5 23. bxa5 Rxa5 24. Rab1 Qa8 25. Rb4 c5 26. Rb6 Rxa3 27. Rgb1 Rb8 28.
f4 exf4 29. Bf2 Ng5 30. e5 Nfe4 31. Kf1 Nxd2+ 32. Qxd2 Bxd3+ 33. cxd3 dxe5 34.
Bxc5 Ra1 35. Qb2 Rxb1+ 36. Qxb1 Kc8 37. Bd6 Nf3 38. Kg2 e4 39. dxe4 Qa5 40.
Kxf3 Ra8 41. Qb5 Qc3+ 42. Kxf4 Qd2+ 43. Kg3 Qe1+ 44. Kf4 Qd2+ 45. Kg3 1/2-1/2

[Event "OLSW 1718 Gambit Saarbrücken - SK Landa"]
[Site "?"]
[Date "2018.02.04"]
[Round "8.2"]
[White "Muller, Etienne"]
[Black "Lang, Torsten"]
[Result "1/2-1/2"]
[WhiteElo "2136"]
[BlackElo "2333"]
[PlyCount "79"]
[EventDate "2018.??.??"]

1. e4 g6 2. d4 Bg7 3. Nf3 d6 4. Bc4 c6 5. Bb3 Nf6 6. Qe2 O-O 7. O-O Qc7 8. e5
dxe5 9. dxe5 Nd5 10. c4 Nb6 11. h3 a5 12. a3 Na6 13. Be3 Be6 14. Nbd2 Nd7 15.
Bf4 Ndc5 16. Bc2 Rad8 17. Qe3 a4 18. Ng5 Qc8 19. Rfe1 Bf5 20. Nge4 Ne6 21. Bxa4
Rd4 22. Bh6 Bxe5 23. Bxf8 Bf4 24. Qc3 Qxf8 25. g4 Bxe4 26. Nxe4 Qh6 27. Rad1
Be5 28. Rxd4 Bxd4 29. Qf3 Nac7 30. Rd1 c5 31. Bd7 Nf8 32. Bc8 b6 33. b4 Nfe6
34. bxc5 bxc5 35. a4 Be5 36. a5 Nd4 37. Qe3 Bf4 38. Qd3 Qf8 39. Nxc5 e5 40. Ne4
1/2-1/2